000 00327nam a22001337a 4500
008 181218b xxu||||| |||| 00| 0 eng d
020 _a9780669331707
041 _aeng
080 _22nd
_a940
100 _a16
101 _aSHH
245 _aThe Enduring Vision A History of the American People
_cBoyer,P.S
942 _2udc
_cBK
999 _c53345
_d53345